[Event "Charleroi op"]
[Site "Charleroi"]
[Date "2011.07.31"]
[Round "2"]
[White "Vandevoort, Pascal"]
[Black "Marlier, Gaetan"]
[Result "1-0"]
[WhiteElo "2409"]
[BlackElo "1954"]
[PlyCount "47"]
[EventDate "2011.07.30"]
[EventType "swiss"]
[EventRounds "9"]
[EventCountry "BEL"]
[SourceTitle "EXT 2012"]
[Source "ChessBase"]
[SourceDate "2011.11.24"]
[SourceVersion "1"]
[SourceVersionDate "2011.11.24"]
[SourceQuality "1"]

1. Nf3 d6 2. g3 g6 3. Bg2 Bg7 4. 0-0 e5 5. d4 Nd7 6. e4 Ne7 7. Nc3 0-0 8. Be3 c6 9. a4 b6 10. Qd2 Qc7 11. Rfd1 a6 12. Bh6 exd4 13. Bxg7 Kxg7 14. Qxd4+ Ne5 15. Qxd6 Nxf3+ 16. Bxf3 Ra7 17. e5 Be6 18. a5 b5 19. Qc5 Raa8 20. Ne2 Rac8 21. Nf4 Rfd8 22. Rd6 Bd7 23. e6 Bxe6 24. Rxe6 1-0

[Event "Fourmies op 35th"]
[Site "Fourmies"]
[Date "2011.06.11"]
[Round "2"]
[White "Rott, Georg"]
[Black "Marlier, Gaetan"]
[Result "1-0"]
[WhiteElo "2216"]
[BlackElo "1966"]
[PlyCount "113"]
[EventDate "2011.06.11"]
[EventType "swiss"]
[EventRounds "7"]
[EventCountry "FRA"]
[SourceTitle "CBM 142 Extra"]
[Source "ChessBase"]
[SourceDate "2011.06.27"]
[SourceVersion "1"]
[SourceVersionDate "2011.06.27"]
[SourceQuality "1"]

1. e4 d6 2. d4 Nf6 3. Nc3 e5 4. dxe5 dxe5 5. Qxd8+ Kxd8 6. Bg5 Be6 7. 0-0-0+ Kc8 8. f3 Nbd7 9. a3 h6 10. Bh4 c6 11. g4 Kc7 12. Bg3 Ne8 13. h4 f6 14. Bh3 Bc5 15. Re1 Bxg1 16. Rexg1 g5 17. Bf1 Nd6 18. Rh2 Nf7 19. Rgh1 Rag8 20. h5 Rd8 21. Nd1 Nd6 22. Ne3 b5 23. b3 Bf7 24. Be1 Kb6 25. Rd2 Nc5 26. Bf2 Kb7 27. Rxd6 Rxd6 28. Nf5 Rd4 29. Nxd4 exd4 30. Bxd4 Nd7 31. Be2 Ne5 32. Rd1 Rd8 33. Bc5 Rxd1+ 34. Kxd1 Nd7 35. Bd6 a6 36. Kd2 c5 37. Ke3 Kc6 38. Be7 Be6 39. f4 Bf7 40. Bf3 Kb6 41. Bd8+ Ka7 42. f5 Kb8 43. b4 c4 44. Kd4 Kc8 45. Bxf6 Nxf6 46. e5 Nh7 47. e6 Bxe6 48. fxe6 Kd8 49. Ke5 Ke7 50. Kf5 Nf6 51. Bc6 Ng8 52. Bb7 Kd6 53. Bxa6 Ne7+ 54. Kf6 Nd5+ 55. Kf7 c3 56. Bxb5 Ne7 57. a4 1-0

[Event "Fourmies op 34th"]
[Site "Fourmies"]
[Date "2010.05.22"]
[Round "1"]
[White "Kazhgaleyev, Murtas"]
[Black "Marlier, Gaetan"]
[Result "1-0"]
[WhiteElo "2609"]
[BlackElo "1940"]
[PlyCount "23"]
[EventDate "2010.05.22"]
[EventType "swiss"]
[EventRounds "7"]
[EventCountry "FRA"]
[SourceTitle "CBM 136 Extra"]
[Source "ChessBase"]
[SourceDate "2010.07.02"]
[SourceVersion "2"]
[SourceVersionDate "2010.07.15"]
[SourceQuality "1"]

1. d4 d5 2. c4 c6 3. Nc3 Nf6 4. e3 Bf5 5. cxd5 cxd5 6. Qb3 Qd7 7. Nf3 e6 8. Ne5 Qe7 9. Bb5+ Nbd7 10. Bd2 Rc8 11. g4 Bxg4 12. Bxd7+ 1-0

[Event "BEL-ch U20"]
[Site "Worriken Buetgenbach"]
[Date "2004.04.05"]
[Round "3.2"]
[White "Artels, Lieven"]
[Black "Marlier, Gaetan"]
[Result "1-0"]
[WhiteElo "1846"]
[BlackElo "1709"]
[PlyCount "29"]
[EventDate "2004.04.03"]
[EventType "swiss"]
[EventRounds "9"]
[EventCountry "BEL"]
[SourceTitle "CBM 099 Extra"]
[Source "ChessBase"]
[SourceDate "2004.05.04"]
[SourceVersion "1"]
[SourceVersionDate "2004.05.04"]
[SourceQuality "1"]

1. e4 d5 2. exd5 Nf6 3. Bb5+ Bd7 4. Be2 Nxd5 5. d4 Bf5 6. c4 Nf6 7. Nc3 e6 8. Nf3 Be7 9. Bf4 c6 10. 0-0 0-0 11. Rc1 Nbd7 12. d5 exd5 13. cxd5 cxd5 14. Nxd5 Rc8 15. Rxc8 1-0

[Event "BEL-ch U20"]
[Site "Worriken Buetgenbach"]
[Date "2004.04.04"]
[Round "2.5"]
[White "Marlier, Gaetan"]
[Black "Maenhout, Thibaut"]
[Result "0-1"]
[WhiteElo "1709"]
[BlackElo "2003"]
[PlyCount "114"]
[EventDate "2004.04.03"]
[EventType "swiss"]
[EventRounds "9"]
[EventCountry "BEL"]
[SourceTitle "CBM 099 Extra"]
[Source "ChessBase"]
[SourceDate "2004.05.04"]
[SourceVersion "1"]
[SourceVersionDate "2004.05.04"]
[SourceQuality "1"]

1. e4 c5 2. Nc3 Nc6 3. g3 g6 4. Bg2 Bg7 5. d3 d6 6. Be3 Rb8 7. a4 Nd4 8. Qd2 Qa5 9. Nge2 b5 10. Bxd4 cxd4 11. Nd5 Qxd2+ 12. Kxd2 a6 13. axb5 axb5 14. Ra7 e6 15. Nb4 Ne7 16. Rha1 Bd7 17. Rc7 Nc8 18. Nc6 Bxc6 19. Rxc6 Kd7 20. Rca6 Kc7 21. f4 h5 22. h3 b4 23. Ng1 e5 24. fxe5 dxe5 25. Nf3 Bh6+ 26. Ke2 b3 27. cxb3 Rxb3 28. R1a2 Re8 29. Nd2 Bxd2 30. Kxd2 Nd6 31. Ra7+ Nb7 32. Kc2 Rb6 33. R2a4 Ree6 34. Rc4+ Kd7 35. Ra1 Rf6 36. Rd1 Nd6 37. Rc5 Rf2+ 38. Rd2 Rxb2+ 39. Kxb2 Rxd2+ 40. Kc1 Rxg2 41. Rxe5 Rxg3 42. Rd5 Rxd3 43. e5 Ke6 44. Rxd6+ Kxe5 45. Rd7 f5 46. Kc2 Rxh3 47. Kd2 g5 48. Ke2 d3+ 49. Kd2 Rf3 50. Rb7 h4 51. Rb5+ Kf4 52. Rb1 h3 53. Rh1 g4 54. Rb1 h2 55. Rh1 g3 56. Rc1 g2 57. Rc4+ Kg5 0-1

[Event "Saint Vaast op"]
[Site "Saint Vaast"]
[Date "2003.04.13"]
[Round "3"]
[White "Akhayan, Ruben"]
[Black "Marlier, Gaetan"]
[Result "1-0"]
[WhiteElo "1452"]
[BlackElo "2287"]
[PlyCount "51"]
[EventDate "2003.04.13"]
[EventType "swiss"]
[EventRounds "4"]
[EventCountry "BEL"]
[SourceTitle "EXT 2004"]
[Source "ChessBase"]
[SourceDate "2003.11.25"]
[SourceVersion "1"]
[SourceVersionDate "2003.11.25"]
[SourceQuality "1"]

1. e4 c5 2. Nf3 e6 3. d4 cxd4 4. Nxd4 Nf6 5. Nc3 Bb4 6. Bd2 Nc6 7. Nxc6 bxc6 8. e5 Bxc3 9. Bxc3 Nd5 10. Bd2 0-0 11. c4 Ne7 12. Bc3 Bb7 13. Bd3 Ng6 14. Bc2 Qc7 15. Qd3 f6 16. 0-0-0 Rad8 17. h4 f5 18. h5 Nh8 19. g4 c5 20. f3 g6 21. hxg6 Nxg6 22. gxf5 Rxf5 23. Rdg1 d5 24. exd6 Rxd6 25. Rxg6+ hxg6 26. Rh8+ 1-0

[Event "Saint Vaast op"]
[Site "Saint Vaast"]
[Date "2003.04.12"]
[Round "2"]
[White "Marlier, Gaetan"]
[Black "Houdart, David"]
[Result "0-1"]
[WhiteElo "1452"]
[BlackElo "2144"]
[PlyCount "67"]
[EventDate "2003.04.13"]
[EventType "swiss"]
[EventRounds "4"]
[EventCountry "BEL"]
[SourceTitle "EXT 2004"]
[Source "ChessBase"]
[SourceDate "2003.11.25"]
[SourceVersion "1"]
[SourceVersionDate "2003.11.25"]
[SourceQuality "1"]

1. e4 c5 2. Nf3 e6 3. d4 cxd4 4. Nxd4 a6 5. Be3 Nf6 6. Nd2 Qc7 7. Bd3 d5 8. N4f3 Nbd7 9. 0-0 Bd6 10. Re1 0-0 11. c3 h6 12. Qc2 Ng4 13. Nf1 dxe4 14. Bxe4 f5 15. Bd3 Nde5 16. Nxe5 Nxe5 17. Rad1 Bd7 18. Qd2 Rad8 19. Be2 Bc6 20. Bd4 Nf7 21. Qc2 e5 22. Be3 f4 23. Bc1 e4 24. Bc4 Qa5 25. Bxf7+ Rxf7 26. Qb1 e3 27. fxe3 f3 28. Rd2 fxg2 29. Ng3 Bxg3 30. Rxd8+ Qxd8 31. hxg3 Qf6 32. Kh2 Qf2 33. Rg1 Qxg1+ 34. Kxg1 0-1